Galatians: (Record no. 5800)

000 -LEADER
fixed length control field 00703nam a2200205 a 4500
001 - CONTROL NUMBER
control field :::00003542$&:&@@
003 - CONTROL NUMBER IDENTIFIER
control field OkBaRHE
005 - DATE AND TIME OF LATEST TRANSACTION
control field 20000607103307.0
008 - FIXED-LENGTH DATA ELEMENTS--GENERAL INFORMATION
fixed length control field s1965 j 000 0 eng u
040 ## - CATALOGING SOURCE
Transcribing agency
100 1# - MAIN ENTRY--PERSONAL NAME
Personal name De Haan, M. R. (Martin Ralph), 1891-1964.
245 10 - TITLE STATEMENT
Title Galatians:
Remainder of title twenty-two simple studies in Paul's teaching of law and grace.
260 ## - PUBLICATION, DISTRIBUTION, ETC. (IMPRINT)
Place of publication, distribution, etc Grand Rapids, MI., :
Name of publisher, distributor, etc Zondervan Publishing House
Date of publication, distribution, etc 1965
300 ## - PHYSICAL DESCRIPTION
Extent 184 p. ;
Dimensions 20 cm.
650 ## - SUBJECT ADDED ENTRY--TOPICAL TERM
Topical term or geographic name as entry element Bible New Testament Galatians
General subdivision Study
650 ## - SUBJECT ADDED ENTRY--TOPICAL TERM
Topical term or geographic name as entry element Grace (Theology)
650 ## - SUBJECT ADDED ENTRY--TOPICAL TERM
Topical term or geographic name as entry element Law (Theology)
942 ## - ADDED ENTRY ELEMENTS (KOHA)
Source of classification or shelving scheme
Koha item type Books
Copies
Koha item type Shelving location Damaged status Permanent Location Date last seen Date acquired Barcode Copy number Lost status Full call number Current Location Price effective from Withdrawn status Not for loan Source of classification or shelving scheme
BooksGeneral Stacks RHEMA Bible Training College2018-03-152010-04-1435421MissingBS 2685.3 .D5RHEMA Bible Training College2010-04-14   
Books  RHEMA Bible Training College2018-04-032018-04-03  Lost RHEMA Bible Training College2018-04-03